000 003000000a22001330004500
003 MACL
040 _aMACL
090 _c31312
_d31311
100 _aHahn, Harley
245 _aTeaches the Internet
260 _bPrentice Hall Of India
_c1999
650 _aComputer Science
942 _cBOOK
_k004.678/HAH
999 _c30998
_d30998